| 000 -LEADER |
| fixed length control field |
02552cam a2200493 i 4500 |
| 001 - CONTROL NUMBER |
| control field |
18663463 |
| 003 - CONTROL NUMBER IDENTIFIER |
| control field |
OSt |
| 005 - DATE AND TIME OF LATEST TRANSACTION |
| control field |
20230118145202.0 |
| 008 - FIXED-LENGTH DATA ELEMENTS--GENERAL INFORMATION |
| fixed length control field |
150617s2015 maua j 000 1 eng d |
| 010 ## - LIBRARY OF CONGRESS CONTROL NUMBER |
| LC control number |
2015295962 |
| 020 ## - INTERNATIONAL STANDARD BOOK NUMBER |
| International Standard Book Number |
9780544341180 |
| Qualifying information |
(pbk.) |
| 035 ## - SYSTEM CONTROL NUMBER |
| System control number |
(OCoLC)ocn867078373 |
| 040 ## - CATALOGING SOURCE |
| Original cataloging agency |
YDXCP |
| Language of cataloging |
eng |
| Transcribing agency |
YDXCP |
| Description conventions |
rda |
| Modifying agency |
BTCTA |
| -- |
JBL |
| -- |
OCLCF |
| -- |
DLC |
| -- |
DLC |
| -- |
DLC |
| -- |
KH8 |
| 042 ## - AUTHENTICATION CODE |
| Authentication code |
lccopycat |
| 082 04 - DEWEY DECIMAL CLASSIFICATION NUMBER |
| Classification number |
FIC WHI |
| Edition number |
23 |
| 100 1# - MAIN ENTRY--PERSONAL NAME |
| Personal name |
White, Jamie, |
| Relator term |
author. |
| 240 10 - UNIFORM TITLE |
| Uniform title |
Novels. |
| Form subheading |
Selections. |
| 245 10 - TITLE STATEMENT |
| Title |
Sniffing for clues collection / |
| Statement of responsibility, etc. |
adaptation by Jamie White ; based on the characters created by Susan Meddaugh. |
| 246 1# - VARYING FORM OF TITLE |
| Display text |
At head of title: |
| Title proper/short title |
Martha speaks |
| 264 #1 - PRODUCTION, PUBLICATION, DISTRIBUTION, MANUFACTURE, AND COPYRIGHT NOTICE |
| Place of production, publication, distribution, manufacture |
Boston ; |
| -- |
New York : |
| Name of producer, publisher, distributor, manufacturer |
Houghton Mifflin Harcourt, |
| Date of production, publication, distribution, manufacture, or copyright notice |
[2015] |
| 300 ## - PHYSICAL DESCRIPTION |
| Extent |
299 pages : |
| Other physical details |
color illustrations ; |
| Dimensions |
20 cm. |
| 336 ## - CONTENT TYPE |
| Content type term |
text |
| Content type code |
txt |
| Source |
rdacontent |
| 337 ## - MEDIA TYPE |
| Media type term |
unmediated |
| Media type code |
n |
| Source |
rdamedia |
| 338 ## - CARRIER TYPE |
| Carrier type term |
volume |
| Carrier type code |
nc |
| Source |
rdacarrier |
| 490 1# - SERIES STATEMENT |
| Series statement |
Martha speaks |
| 500 ## - GENERAL NOTE |
| General note |
"Weekdays on PBS Kids"-- Cover. |
| 505 00 - FORMATTED CONTENTS NOTE |
| Title |
Martha on the case / |
| Statement of responsibility |
adaptation by Jamie White ; based on a TV series teleplay written by Matt Steinglass -- |
| Title |
Detective dog / |
| Statement of responsibility |
adaptation by Jamie White ; based on TV series teleplays written by Raye Lankford and Peter K. Hirsch -- |
| Title |
Secret agent dog / |
| Statement of responsibility |
adaptation by Jamie White ; based on a TV series teleplay written by Ken Scarborough. |
| 520 ## - SUMMARY, ETC. |
| Summary, etc. |
In three separate stories, Martha the talking dog catches would-be thieves, thwarts rutabaga smugglers, and goes on a top-secret mission to explose criminals who want Granny Flo's soup formula. |
| 650 #0 - SUBJECT ADDED ENTRY--TOPICAL TERM |
| Topical term or geographic name entry element |
Martha (Fictitious character : Meddaugh) |
| Form subdivision |
Juvenile fiction. |
| 650 #0 - SUBJECT ADDED ENTRY--TOPICAL TERM |
| Topical term or geographic name entry element |
Dogs |
| Form subdivision |
Juvenile fiction. |
| 650 #1 - SUBJECT ADDED ENTRY--TOPICAL TERM |
| Topical term or geographic name entry element |
Martha (Fictitious character : Meddaugh) |
| Form subdivision |
Fiction. |
| 650 #1 - SUBJECT ADDED ENTRY--TOPICAL TERM |
| Topical term or geographic name entry element |
Dogs |
| Form subdivision |
Fiction. |
| 700 1# - ADDED ENTRY--PERSONAL NAME |
| Personal name |
Meddaugh, Susan, |
| Relator term |
author. |
| 700 12 - ADDED ENTRY--PERSONAL NAME |
| Personal name |
White, Jamie. |
| Title of a work |
Martha on the case. |
| Relationship information |
Container of (work): |
| 700 12 - ADDED ENTRY--PERSONAL NAME |
| Personal name |
White, Jamie. |
| Title of a work |
Detective dog. |
| Relationship information |
Container of (work): |
| 700 12 - ADDED ENTRY--PERSONAL NAME |
| Personal name |
White, Jamie. |
| Title of a work |
Secret agent dog. |
| Relationship information |
Container of (work): |
| 730 0# - ADDED ENTRY--UNIFORM TITLE |
| Uniform title |
Martha speaks (Television program) |
| Relationship information |
Adaptation of (expression): |
| 830 #0 - SERIES ADDED ENTRY--UNIFORM TITLE |
| Uniform title |
Martha speaks (New York, N.Y.) |
| 856 42 - ELECTRONIC LOCATION AND ACCESS |
| Materials specified |
Contributor biographical information |
| Uniform Resource Identifier |
<a href="http://www.loc.gov/catdir/enhancements/fy1510/2015295962-b.html">http://www.loc.gov/catdir/enhancements/fy1510/2015295962-b.html</a> |
| 856 42 - ELECTRONIC LOCATION AND ACCESS |
| Materials specified |
Publisher description |
| Uniform Resource Identifier |
<a href="http://www.loc.gov/catdir/enhancements/fy1510/2015295962-d.html">http://www.loc.gov/catdir/enhancements/fy1510/2015295962-d.html</a> |
| 906 ## - LOCAL DATA ELEMENT F, LDF (RLIN) |
| a |
7 |
| b |
cbc |
| c |
copycat |
| d |
2 |
| e |
ncip |
| f |
20 |
| g |
y-gencatlg |
| 942 ## - ADDED ENTRY ELEMENTS (KOHA) |
| Source of classification or shelving scheme |
|
| Koha item type |
Books - Fiction |